| 000 | 00483nam a2200193Ia 4500 | ||
|---|---|---|---|
| 005 | 20250603145229.0 | ||
| 008 | 250603s9999 xx 000 0 und d | ||
| 020 | _a9781260117127 | ||
| 050 | _aRM 301.13 .K38/ | ||
| 100 | _aKatzung et al. | ||
| 245 | 0 | _aKatzung & Trevor’s Pharmacology: examination & board review | |
| 250 | _a13th ed. | ||
| 260 | _aNew York | ||
| 260 | _bMcGraw Hill Education | ||
| 260 | _c2021 | ||
| 300 | _a600 p | ||
| 650 | _aNew York | ||
| 942 | _cBK | ||
| 999 |
_c41255 _d41255 |
||